000 00961nam a2200205Ia 4500
003 OSt
005 20241112144601.0
007 ca aa aaaaa
008 201103s9999 xx 000 0 und d
040 _cSSBUL
041 _abur
082 _223
_a၂၉၄.၃၄၄၃၅ ဝဏ်
_b၉၃၆၇ S-SAT
100 0 _aဝဏ္ဏိဿရမထေရ်၊ အရှင်၊ ထူးကြီးဆရာတော်-
245 1 0 _aပါဠိတော်ဟောစဉ်ထူးကြီးဝိပဿနာ (ဒုတိယအုပ်) /
_cထူးကြီးဆရာတော်အရှင်ဝဏ္ဏိဿရမထေရ်။
260 _aရန်ကုန် ၊
_bဟံသာဝတီပုံနှိပ်တိုက်၊
_c၁၉၆၉။
300 _aဇ၊ ၃၇၉ စာမျက်နှာ၊
_c၂၂ စင်တီ။
500 _aS-SAT: Dr. Sai Aung Tun
650 _aဝိပဿနာ။
942 _2ddc
_cBK1
999 _c16871
_d16871